书目信息 |
| 题名: |
初等代数习题解答
|
|
| 作者: | ;北京市初等数学编写组 编 | |
| 分册: | ||
| 出版信息: | 北京 人民教育出版社 1978 |
|
| 页数: | 252页 | |
| 开本: | 19cm | |
| 丛书名: | ||
| 单 册: | ||
| 中图分类: | O122-44 | |
| 科图分类: | ||
| 主题词: | 初等代数--解题 | |
| 电子资源: | ||
| ISBN: | ||
| 000 | 00632nam0 2200217 45 | |
| 001 | 0178005600 | |
| 005 | 20070720110633.42 | |
| 010 | @dCNY0.55 | |
| 091 | @aCN@b13012.0163 | |
| 100 | @a19950725d1978 demy0chiy0121 ea | |
| 101 | 0 | @achi |
| 102 | @aCN@b110000 | |
| 105 | @ay z 000yy | |
| 200 | 10 | @a初等代数习题解答@Achu deng dai shu xi ti jie da@f北京市《初等数学》编写组编 |
| 210 | @a北京@c人民教育出版社@d1978 | |
| 215 | @a252页@d19cm | |
| 606 | @a初等代数@x解题 | |
| 690 | @aO122-44@v3 | |
| 711 | 02 | @a北京市初等数学编写组@Abei jing shi chu deng shu xue bian xie zu@4编 |
| 801 | 0 | @aCN@bTSSF@c20070720 |
| 905 | @dO122-44@e17 | |
| 初等代数习题解答/北京市《初等数学》编写组编.-北京:人民教育出版社,1978 |
| 252页;19cm |
| ISBN :CNY0.55 |
| ● |
| 相关链接 |
|
|
|
|
正题名:初等代数习题解答
索取号:O122-44/17
 
预约/预借
| 序号 | 登录号 | 条形码 | 馆藏地/架位号 | 状态 | 备注 |
| 1 | 0424790 | 204247902 | 密集书库/ [索取号:O122-44/17] | 在馆 | |
| 2 | 0431176 | 204311761 | 密集书库/ [索取号:O122-44/17] | 在馆 | |
| 3 | 0450050 | 204500502 | 密集书库/ [索取号:O122-44/17] | 在馆 | |
| 4 | 0765708 | 207657089 | 密集书库/ [索取号:O122-44/17] | 在馆 | |
| 5 | 0766309 | 207663090 | 密集书库/ [索取号:O122-44/17] | 在馆 |